00786nam a2200217 a 4500999001500000001000600015003000900021005001700030008004100047040003800088082002400126245007300150260007200223300002200295505001200317546002500329650002100354710005400375942001200429952012700441 c1403d140310999BD-DhUAP20210120152501.0200206s2007 bg l f001 0 eng d aBD-DhUAPcBD-DhUAPdBD-DhUAPbEng00a348.5492022 BAN22314aThe Bangladesh code :bact No. VIII of 1973 to act No. XXXI of 1973. aDhaka :bMinistry of Law, Justice and Parliamentary Affairs,c2007. avolumes ;c24 cm. aV. 17-- aEnglish and Bengali. 0aLawzBangladesh. aGovernment of the peoples republic of Bangladesh. 2ddccBK 00102ddc4070aUAPCLbUAPCLcGeneral Stacksd2020-02-06o348.5492022 BAN V-17p3010010999r2020-02-06t1w2020-02-06yBK